International marketing management : (Record no. 552)

MARC details
000 -LEADER
fixed length control field 00714nam a22002172 4500
001 - CONTROL NUMBER
control field 0000004818
005 - DATE AND TIME OF LATEST TRANSACTION
control field 20151021151104.0
008 - FIXED-LENGTH DATA ELEMENTS--GENERAL INFORMATION
fixed length control field 070530s xx 000 0 eng d
020 ## - INTERNATIONAL STANDARD BOOK NUMBER
International Standard Book Number 8180542238 :
Terms of availability KES 445
040 ## - CATALOGING SOURCE
Original cataloging agency KABU
Transcribing agency KABU
050 #0 - LIBRARY OF CONGRESS CALL NUMBER
Classification number HF1416.6
Item number .I4V37 2004
100 1# - MAIN ENTRY--PERSONAL NAME
Personal name Varshney, R. L.
-- 0000155650
245 10 - TITLE STATEMENT
Title International marketing management :
Remainder of title an Indian perspective /
Statement of responsibility, etc. R. L. Varshney, B. Bhattacharyya.
260 ## - PUBLICATION, DISTRIBUTION, ETC. (IMPRINT)
Place of publication, distribution, etc. New Delhi :
Name of publisher, distributor, etc. Sultan Chand,
Date of publication, distribution, etc. 2004.
300 ## - PHYSICAL DESCRIPTION
Extent xvi, 552 p.
650 #0 - SUBJECT ADDED ENTRY--TOPICAL TERM
Topical term or geographic name as entry element Export marketing
Geographic subdivision India.
-- 0000155651
700 1# - ADDED ENTRY--PERSONAL NAME
Personal name Bhattacharyya, B.
-- 0000155652
908 ## - PUT COMMAND PARAMETER (RLIN)
Put command parameter 070530
950 ## - LOCAL HOLDINGS (RLIN)
-- 1
Holdings
Withdrawn status Lost status Source of classification or shelving scheme Not for loan Home library Current library Date acquired Total Checkouts Full call number Barcode Date last seen Price effective from Koha item type Date last checked out
    Library of Congress Classification   Kabarak, Main Campus Kabarak, Main Campus 17/12/2015 1 HF1416.6 .I4V37 2004 c.1 001733 13/10/2016 17/12/2015 General Collection 15/07/2016
    Library of Congress Classification   Kabarak, Nakuru City Campus Kabarak, Nakuru City Campus 21/10/2015   HF1416.6 .I4V37 2004 010695 21/10/2015 21/10/2015 General Collection  
Designed with assistance from East African Informatics Ltd